[Event "Euro Online U2300 Day 2"]
[Site "chess.com INT"]
[Date "2020.05.26"]
[Round "2"]
[White "Dornbusch, Tatiana"]
[Black "Potapova, Margarita"]
[Result "0-1"]
[WhiteTitle "WGM"]
[BlackTitle "WIM"]
[WhiteElo "2268"]
[BlackElo "2270"]
[WhiteFideId "14107449"]
[BlackFideId "14126869"]
[EventDate "2020.05.26"]

1. d4 Nf6 2. Nf3 e6 3. g3 b5 4. Bg2 Bb7 5. O-O Be7 6. b3 O-O 7. Bb2 d5 8. Ne5
Nbd7 9. c4 bxc4 10. bxc4 Rb8 11. cxd5 Nxd5 12. Nxd7 Qxd7 13. Nd2 Ne3 14. fxe3
Bxg2 15. Kxg2 Rxb2 16. Nb3 Qa4 17. Nc1 Qc6+ 18. Kg1 Bg5 19. Qd3 Rc2 20. Nb3 Qc3
21. Qxc3 Rxc3 22. e4 Rd8 23. Rfd1 h5 24. d5 e5 25. Rd3 Rc4 26. Na5 Rxe4 27. Nc6
Rd6 28. Kf2 a6 29. Rb1 Bf6 30. Kf3 Ra4 31. Rb8+ Kh7 32. e4 Rxa2 33. Rc8 g5 34.
Rxc7 g4+ 35. Ke3 Bg5# 0-1

[Event "Euro Online U2300 Day 2"]
[Site "chess.com INT"]
[Date "2020.05.26"]
[Round "2"]
[White "Hulka, Valentyn"]
[Black "Ivanisvili, Andrejs"]
[Result "0-1"]
[WhiteElo "1892"]
[BlackElo "2233"]
[WhiteFideId "34107061"]
[BlackFideId "11601485"]
[EventDate "2020.05.26"]

1. e4 c6 2. d4 d5 3. e5 c5 4. dxc5 Nc6 5. Bb5 e6 6. Be3 Ne7 7. c3 Nf5 8. Bd4 Bd7
9. Bxc6 Bxc6 10. Ne2 Bb5 11. O-O Qc7 12. b4 a5 13. Na3 Nxd4 14. cxd4 Bxe2 15.
Qxe2 axb4 16. Nc2 Be7 17. Qb5+ Qd7 18. Qxd7+ Kxd7 19. Rfb1 Ra4 20. a3 Rha8 21.
axb4 Rxa1 22. Rxa1 Rxa1+ 23. Nxa1 Kc6 24. Kf1 Kb5 25. Nc2 Kc4 26. Ke2 Kc3 27.
Kd1 Kc4 28. g3 h5 29. Kd2 h4 30. f4 hxg3 31. hxg3 Bd8 32. g4 Be7 33. b5 Kxb5 34.
Kc3 b6 35. cxb6 Kxb6 36. Ne3 Kc6 37. Nf1 Kd7 38. Nd2 Kc6 39. Nf3 Kd7 40. Kb3 Kc6
41. Ka4 Bd8 42. Kb4 Kd7 43. Kc5 Ke7 44. f5 Ba5 45. Ne1 Bxe1 46. fxe6 Kxe6 0-1

[Event "Euro Online U2300 Day 2"]
[Site "chess.com INT"]
[Date "2020.05.26"]
[Round "2"]
[White "Radosevic, Nenad"]
[Black "Babiy, Olga"]
[Result "0-1"]
[BlackTitle "WGM"]
[WhiteElo "2157"]
[BlackElo "2228"]
[WhiteFideId "906395"]
[BlackFideId "14117258"]
[EventDate "2020.05.26"]

1. d4 d5 2. Nf3 a6 3. g3 Nf6 4. Bg2 b5 5. O-O Bb7 6. b3 e6 7. Nbd2 b4 8. Bb2
Nbd7 9. c4 bxc3 10. Bxc3 c5 11. e3 Be7 12. Bb2 O-O 13. Rc1 Rc8 14. Ne5 Nxe5 15.
dxe5 Nd7 16. e4 Nb6 17. Qg4 g6 18. f4 dxe4 19. Nxe4 Bxe4 20. Bxe4 Qd2 21. Rf2
Qe3 22. Qe2 Qxe2 23. Rxe2 c4 24. Bb7 Rb8 25. Bxa6 cxb3 26. axb3 Nd5 27. Bc4 Bc5+
28. Kh1 Ne3 29. Bc3 Nxc4 30. bxc4 Rfd8 31. Kg2 h5 32. Ba5 Rd3 33. Rc3 Rd1 34.
Rcc2 Rg1+ 35. Kh3 Rb3 36. Bc7 Rd1 37. Ra2 Rc3 38. Rec2 Rc1 39. Rxc3 Rxc3 40. Bd6
Be3 41. Ra8+ Kh7 42. Be7 Bxf4 43. Bf6 g5 44. c5 Be3 45. Rf8 Kg6 46. Rg8+ Kf5 47.
Rg7 Rc2 48. g4+ hxg4+ 49. Kg3 Bf4# 0-1

[Event "Euro Online U2300 Day 2"]
[Site "chess.com INT"]
[Date "2020.05.26"]
[Round "2"]
[White "Ogloblin, Nikolay"]
[Black "Reizniece-Ozola, Dana"]
[Result "1/2-1/2"]
[WhiteTitle "IM"]
[BlackTitle "WGM"]
[WhiteElo "2346"]
[BlackElo "2311"]
[WhiteFideId "4139658"]
[BlackFideId "11601124"]
[EventDate "2020.05.26"]

1. d4 Nf6 2. Nf3 g6 3. c4 Bg7 4. Nc3 O-O 5. Bg5 d6 6. e3 Nbd7 7. h3 c6 8. Qc2
Qe8 9. Be2 h6 10. Bh4 e5 11. Bg3 Qe7 12. O-O Nh5 13. Bh2 f5 14. c5 dxc5 15. Qb3+
Kh7 16. dxe5 f4 17. e6 Nb6 18. exf4 Nxf4 19. Bxf4 Rxf4 20. Rfe1 Bxe6 21. Qc2 Qf7
22. Bd3 Bf5 23. Bxf5 Rxf5 24. Ne4 Qc4 25. Rac1 Qxc2 26. Rxc2 c4 27. Nd6 Rd5 28.
Nxc4 Nxc4 29. Rxc4 Rad8 30. Re7 R8d7 31. Rce4 Kg8 32. b3 Kf8 33. Re8+ Kf7 34.
Rb8 Rd1+ 35. Kh2 Ra1 36. Re2 Bf6 37. g3 g5 38. Kg2 c5 39. Ne5+ Bxe5 40. Rxe5
Rxa2 41. Rxc5 Rb2 42. Rc3 Kg7 43. Rbc8 Rbd2 44. R8c7 Kg6 45. R7c4 Rb2 46. h4
gxh4 47. Rxh4 Rf7 48. Rg4+ Kh7 49. Rf4 Rxf4 50. gxf4 Kg6 51. Kf3 Kf6 52. Rd3 b6
53. Ke4 h5 54. Rd6+ Ke7 55. Rh6 Rxb3 56. Rh7+ Kf6 57. Rxa7 h4 58. Rh7 h3 59. f3
Rb4+ 60. Ke3 Rb3+ 61. Ke4 Rb4+ 62. Ke3 Rb3+ 63. Ke4 1/2-1/2

[Event "Euro Online U2300 Day 2"]
[Site "chess.com INT"]
[Date "2020.05.26"]
[Round "2"]
[White "Akhmedov, David"]
[Black "Miletic, Vuk"]
[Result "1-0"]
[WhiteElo "1808"]
[BlackElo "2159"]
[WhiteFideId "34220194"]
[BlackFideId "16503406"]
[EventDate "2020.05.26"]

1. e4 c5 2. Nf3 Nc6 3. g3 g6 4. Bg2 Bg7 5. O-O e6 6. d3 Nge7 7. c3 O-O 8. d4
cxd4 9. cxd4 d6 10. Nc3 a6 11. Be3 b5 12. Qd2 Na5 13. b3 Bb7 14. Bh6 b4 15. Bxg7
Kxg7 16. Ne2 Bxe4 17. Qxb4 Nac6 18. Qd2 Nd5 19. Rfe1 Qf6 20. Qg5 Bxf3 21. Qxf6+
Kxf6 22. Bxf3 Ncb4 23. Rec1 Rac8 24. Bxd5 Nxd5 25. a3 e5 26. dxe5+ Kxe5 27. b4
Nb6 28. Re1 Kf6 29. Nd4 Rc4 30. Rad1 Rfc8 31. Nb3 d5 32. Nc5 a5 33. bxa5 R8xc5
34. axb6 Rb5 35. Rb1 Rxb1 36. Rxb1 Rc8 37. b7 Rb8 38. a4 d4 39. a5 d3 40. a6 1-0

[Event "Euro Online U2300 Day 2"]
[Site "chess.com INT"]
[Date "2020.05.26"]
[Round "2"]
[White "Terletsky, Oleg"]
[Black "Novikova, Galina"]
[Result "1-0"]
[WhiteTitle "IM"]
[BlackTitle "WFM"]
[WhiteElo "2307"]
[BlackElo "2073"]
[WhiteFideId "14116774"]
[BlackFideId "4157095"]
[EventDate "2020.05.26"]

1. e4 e6 2. d4 d5 3. Nd2 Nc6 4. Ngf3 g5 5. h3 Qf6 6. e5 Qg7 7. Nb3 h6 8. Bb5 Bd7
9. Bxc6 Bxc6 10. Na5 Bb4+ 11. Bd2 Bxa5 12. Bxa5 O-O-O 13. Qd3 Ne7 14. Bb4 Ng6
15. g3 f6 16. exf6 Qxf6 17. O-O-O Rhe8 18. Rhe1 Rd7 19. Rd2 Rf7 20. Ne5 Nxe5 21.
Rxe5 Qf3 22. Qxf3 Rxf3 23. Kd1 Bd7 24. Ke1 Ref8 25. Bxf8 Rxf8 26. Rd3 Kd8 27.
Rde3 c6 28. f3 Rf6 29. Kf2 Kc7 30. Re1 Kd6 31. c3 b6 32. Ke3 Be8 33. Rh1 c5 34.
h4 gxh4 35. Rxh4 h5 36. Rg5 Bg6 37. Rf4 Ke7 38. Rxf6 Kxf6 39. Kf4 c4 40. a3 b5
41. Re5 a5 42. g4 hxg4 43. fxg4 Bd3 44. Rh5 Be2 45. Rh6+ Kf7 46. Rh7+ Kf6 47.
g5+ Kg6 48. Re7 1-0

[Event "Euro Online U2300 Day 2"]
[Site "chess.com INT"]
[Date "2020.05.26"]
[Round "2"]
[White "Baranow, Sergey"]
[Black "Injac, Teodora"]
[Result "1-0"]
[BlackTitle "WIM"]
[WhiteElo "2192"]
[BlackElo "2286"]
[WhiteFideId "24155055"]
[BlackFideId "932400"]
[EventDate "2020.05.26"]

1. e4 c5 2. d4 cxd4 3. Nf3 d6 4. Bc4 e6 5. O-O Nf6 6. Qe2 Nc6 7. Rd1 Be7 8. c3
O-O 9. h3 Nxe4 10. Qxe4 d5 11. Qe2 dxc4 12. Qxc4 e5 13. cxd4 exd4 14. Be3 Be6
15. Qb5 Bf6 16. Nc3 Qc7 17. Nxd4 Nxd4 18. Bxd4 a6 19. Qh5 Qf4 20. Bxf6 Qxf6 21.
Rd2 Rfd8 22. Rad1 h6 23. Qe2 Rxd2 24. Qxd2 Qg6 25. Kh1 Rc8 26. Qf4 Qc2 27. Qb4
b5 28. Qa3 Qxf2 29. Qxa6 Qxb2 30. Nxb5 Rc2 31. a4 Kh7 32. Qb7 Bxh3 33. Rg1 Be6
34. Qe4+ g6 35. Qf3 Rc4 36. Rf1 Rh4+ 37. Kg1 Rxa4 38. Re1 Qxb5 39. Rxe6 Ra1+ 40.
Kh2 Qb8+ 41. g3 Ra2+ 42. Re2 Rxe2+ 43. Qxe2 Kg7 44. Qe4 h5 45. Qd4+ Kh7 46. Qf6
Qe8 47. Qf2 Qe6 48. Qf4 Kg7 49. Qd4+ Qf6 50. Qd2 Qf5 51. Qc3+ Kh7 52. Qc4 g5 53.
Qd4 Kg6 54. Qd6+ Qf6 55. Qd3+ Qf5 56. Qd6+ Kg7 57. Qd4+ Qf6 58. Qe4 Qf2+ 59. Kh3
g4+ 60. Kh4 Qh2+ 61. Kg5 Qxg3 62. Qd4+ Kg8 63. Kh6 f6 64. Kg6 Qc7 65. Qd5+ Kh8
66. Qxh5+ Kg8 67. Qd5+ Kh8 68. Qa8+ 1-0

[Event "Euro Online U2300 Day 2"]
[Site "chess.com INT"]
[Date "2020.05.26"]
[Round "2"]
[White "Shapiro, David"]
[Black "Prydun, Andriy"]
[Result "1-0"]
[WhiteTitle "FM"]
[BlackTitle "FM"]
[WhiteElo "2392"]
[BlackElo "2254"]
[WhiteFideId "24133523"]
[BlackFideId "14145898"]
[EventDate "2020.05.26"]

1. d4 d5 2. Nc3 c6 3. Bf4 Bf5 4. e3 e6 5. g4 Bg6 6. h4 h6 7. h5 Bh7 8. Bd3 Bxd3
9. Qxd3 Bd6 10. Nge2 Bxf4 11. Nxf4 Qg5 12. O-O-O Nd7 13. Rdg1 O-O-O 14. Nh3 Qe7
15. g5 hxg5 16. Rxg5 Ngf6 17. Qe2 e5 18. Qf3 e4 19. Qd1 Nf8 20. Nf4 Ne6 21. Nxe6
fxe6 22. Qg1 Rh7 23. Ne2 Qf7 24. Nf4 Rdh8 25. Ng6 Re8 26. Ne5 Qc7 27. Qg2 Reh8
28. Ng6 Re8 29. Nf4 e5 30. Qh3+ Kb8 31. Ne6 Qd7 32. Rxe5 Rxh5 33. Rxh5 Nxh5 34.
Qh2+ Kc8 35. Nc5 Qf7 36. Qxh5 Qxh5 37. Rxh5 b6 38. Nb3 Rf8 39. Rh2 Rf6 40. Rg2
Rh6 41. Kd2 Rh1 42. Rxg7 Rf1 43. Rf7 Rb1 44. Rxa7 Rxb2 45. Kc1 1-0

[Event "Euro Online U2300 Day 2"]
[Site "chess.com INT"]
[Date "2020.05.26"]
[Round "2"]
[White "Kamer, Kayra"]
[Black "Manukyan, Sargis A."]
[Result "0-1"]
[WhiteTitle "FM"]
[BlackTitle "FM"]
[WhiteElo "2325"]
[BlackElo "2244"]
[WhiteFideId "6367879"]
[BlackFideId "13303970"]
[EventDate "2020.05.26"]

1. e4 c5 2. Nf3 d6 3. d4 cxd4 4. Nxd4 Nf6 5. Nc3 g6 6. Be3 Bg7 7. Bc4 O-O 8. f3
Nc6 9. Qd2 Bd7 10. Bb3 Rc8 11. h4 Nxd4 12. Bxd4 b5 13. h5 a5 14. hxg6 hxg6 15.
g4 a4 16. Qh2 e5 17. Nd5 Re8 18. Bb6 axb3 19. Bxd8 Nxd5 20. exd5 Rcxd8 21. axb3
e4 22. O-O-O exf3 23. Qf4 Ra8 24. Kb1 Ra6 25. Qxf3 Rea8 26. c3 b4 27. Rdf1 f5
28. c4 Ra1+ 29. Kc2 R1a2 30. Rb1 fxg4 31. Qf4 Bf5+ 32. Kd2 Bxb2 33. Qf1 Bd4+ 34.
Kc1 Be3+ 35. Kd1 Bxb1 36. Qf6 Bc2+ 37. Ke2 Bb1+ 38. Kd1 Bc2+ 39. Ke2 Bd1+ 40.
Kxe3 Re8+ 41. Kd3 Be2+ 42. Kd4 Rd2# 0-1

[Event "Euro Online U2300 Day 2"]
[Site "chess.com INT"]
[Date "2020.05.26"]
[Round "2"]
[White "Baskin, Robert"]
[Black "Ranaldi, Lucas"]
[Result "1-0"]
[WhiteTitle "IM"]
[BlackTitle "FM"]
[WhiteElo "2390"]
[BlackElo "2353"]
[WhiteFideId "24662402"]
[BlackFideId "1519484"]
[EventDate "2020.05.26"]

1. e4 c6 2. Nc3 d5 3. Nf3 Bg4 4. h3 Bxf3 5. Qxf3 Nf6 6. Be2 e6 7. O-O Bb4 8. e5
Nfd7 9. Qg4 Bxc3 10. bxc3 O-O 11. d4 Kh8 12. f4 f5 13. exf6 Nxf6 14. Qf3 Ne4 15.
Bd3 Nd6 16. Ba3 g6 17. Rae1 Qd7 18. f5 gxf5 19. Qf4 Rd8 20. Qe5+ Kg8 21. Re3 Ne8
22. Rg3+ Ng7 23. Rxf5 exf5 24. Bxf5 Na6 25. Be7 Qxe7 26. Qxe7 1-0

[Event "Euro Online U2300 Day 2"]
[Site "chess.com INT"]
[Date "2020.05.26"]
[Round "2"]
[White "Caputcuoglu, Zeki Berke"]
[Black "Gevorgyan, Albert"]
[Result "1-0"]
[WhiteTitle "CM"]
[WhiteElo "2138"]
[BlackElo "2170"]
[WhiteFideId "34548610"]
[BlackFideId "13309951"]
[EventDate "2020.05.26"]

1. Nf3 Nf6 2. d4 d5 3. c4 c6 4. Nc3 e6 5. e3 Nbd7 6. Qc2 Bd6 7. Be2 O-O 8. O-O
dxc4 9. a4 e5 10. Bxc4 exd4 11. exd4 Nb6 12. Bb3 Bg4 13. Ne5 Bh5 14. Bg5 Be7 15.
Rae1 Nfd5 16. Bxe7 Nxe7 17. Qe4 Ned5 18. a5 Nxc3 19. bxc3 Nd5 20. a6 Qb6 21.
Bxd5 cxd5 22. Qh4 Bg6 23. Nd7 Qxa6 24. Nxf8 Rxf8 25. Re7 Qc6 26. Qg3 h6 27. Rc7
Qb6 28. Re1 Kh7 29. h4 a5 30. Ree7 Qb1+ 31. Kh2 b5 32. Qf3 Qb3 33. h5 Be4 34.
Qf4 Qd1 35. f3 Bd3 36. Rxf7 Rg8 37. Qf6 Qe1 38. Rxg7+ 1-0

[Event "Euro Online U2300 Day 2"]
[Site "chess.com INT"]
[Date "2020.05.26"]
[Round "2"]
[White "Rajkovic, Dusan"]
[Black "Skliarov, Viktor"]
[Result "1/2-1/2"]
[WhiteTitle "GM"]
[BlackTitle "IM"]
[WhiteElo "2267"]
[BlackElo "2376"]
[WhiteFideId "900265"]
[BlackFideId "14106736"]
[EventDate "2020.05.26"]

1. d4 Nf6 2. c4 e6 3. Nf3 b6 4. g3 Bb7 5. Bg2 Be7 6. O-O O-O 7. Nc3 Ne4 8. Bd2
Nxd2 9. Qxd2 d6 10. e4 Nd7 11. Rad1 Bf6 12. Qc2 e5 13. d5 a5 14. b3 Nc5 15. a3
g6 16. b4 Nd7 17. Rfe1 Bg7 18. Bh3 Bc8 19. Rc1 Nf6 20. Bxc8 Qxc8 21. c5 axb4 22.
axb4 bxc5 23. bxc5 Qh3 24. Qe2 Bh6 25. Ra1 Ng4 26. Qf1 Qxf1+ 27. Rxf1 f5 28.
cxd6 cxd6 29. h3 Nf6 30. exf5 gxf5 31. Nh4 Bd2 32. Nb5 Rxa1 33. Rxa1 Ne4 34. Kg2
Bb4 35. f3 Nc3 36. Nxc3 Bxc3 37. Ra6 Bb4 38. g4 fxg4 39. hxg4 e4 40. fxe4 Rf4
41. Kg3 Rxe4 42. Nf5 Re5 43. Kf3 h5 44. Nxd6 hxg4+ 45. Kxg4 Rxd5 1/2-1/2

[Event "Euro Online U2300 Day 2"]
[Site "chess.com INT"]
[Date "2020.05.26"]
[Round "2"]
[White "Hansen, Carsten"]
[Black "Sernecki, Franciszek"]
[Result "0-1"]
[WhiteTitle "FM"]
[BlackTitle "FM"]
[WhiteElo "2270"]
[BlackElo "2243"]
[WhiteFideId "1400444"]
[BlackFideId "1169297"]
[EventDate "2020.05.26"]

1. Nf3 Nf6 2. c4 e6 3. g3 d5 4. b3 c5 5. Bg2 Nc6 6. cxd5 exd5 7. O-O Be7 8. d4
O-O 9. Bb2 Ne4 10. dxc5 Bxc5 11. Nc3 Be6 12. Na4 Be7 13. Rc1 Rc8 14. Nd4 Bf6 15.
Nxe6 fxe6 16. Bxe4 dxe4 17. Ba3 Rf7 18. Qxd8+ Rxd8 19. Nc5 Rd2 20. Nxe4 Rxa2 21.
Bd6 Rxe2 22. Nc5 Bd4 23. Nxb7 Rxb7 24. Rxc6 Rxb3 25. Rc7 h6 26. h4 Rf3 27. h5
Rfxf2 28. Rxf2 Rxf2 29. Kh1 e5 30. Re7 Rf5 31. g4 Rg5 32. Kh2 Rxg4 33. Bxe5
Bxe5+ 34. Rxe5 Rg5 35. Re8+ Kf7 36. Ra8 Rxh5+ 37. Kg3 a5 38. Kf4 Rg5 0-1

[Event "Euro Online U2300 Day 2"]
[Site "chess.com INT"]
[Date "2020.05.26"]
[Round "2"]
[White "Risteski, Emil"]
[Black "Abbasov, Amil1"]
[Result "1/2-1/2"]
[WhiteElo "2159"]
[BlackElo "2172"]
[WhiteFideId "15005267"]
[BlackFideId "13402277"]
[EventDate "2020.05.26"]

1. e4 c5 2. Nf3 Nc6 3. Bb5 g6 4. Bxc6 bxc6 5. O-O Bg7 6. Re1 e5 7. c3 Ne7 8. d4
cxd4 9. cxd4 exd4 10. Nxd4 O-O 11. Nc3 Rb8 12. Rb1 Rb4 13. Be3 d5 14. exd5 cxd5
15. Qd2 Ba6 16. Rbd1 Re8 17. b3 Rb8 18. Bh6 Bxd4 19. Qxd4 Nf5 20. Rxe8+ Qxe8 21.
Qd2 Nxh6 22. Qxh6 Rd8 23. Qf4 d4 24. Ne4 Qe7 25. Qf6 Qxf6 26. Nxf6+ Kg7 27. Ne4
Be2 28. Rd2 d3 29. f3 Rc8 30. Kf2 Rc2 31. Ke1 Rc1+ 32. Kf2 Rc2 33. Ke1 Rc1+ 34.
Kf2 Rc2 1/2-1/2

[Event "Euro Online U2300 Day 2"]
[Site "chess.com INT"]
[Date "2020.05.26"]
[Round "2"]
[White "Atanasov, Radislav"]
[Black "Labiano Hernandez, Juan"]
[Result "0-1"]
[WhiteElo "2115"]
[BlackElo "2158"]
[WhiteFideId "2901471"]
[BlackFideId "24556840"]
[EventDate "2020.05.26"]

1. e4 e5 2. Nf3 Nf6 3. Nxe5 Nxe4 4. Qe2 Qe7 5. Qxe4 d6 6. d4 dxe5 7. dxe5 Nc6 8.
Bf4 g5 9. Bg3 f5 10. Qe2 f4 11. Qh5+ Kd8 12. Be2 fxg3 13. O-O Be6 14. hxg3 Kc8
15. Nc3 Nxe5 16. f4 Bf7 17. Qh3+ g4 18. Qh2 Nc4 19. Bxg4+ Kb8 20. Kh1 h5 21.
Rae1 Qf6 22. Bf3 h4 23. g4 Bd6 24. Nd5 Bxd5 25. Bxd5 Nd2 26. Rf2 Qd4 27. Rfe2 a6
28. Be4 Re8 29. c3 Qxe4 30. Rxe4 Nxe4 31. Qxh4 Ka7 32. Rxe4 Rxe4 33. Qf2+ b6 34.
g3 Rae8 0-1

[Event "Euro Online U2300 Day 2"]
[Site "chess.com INT"]
[Date "2020.05.26"]
[Round "2"]
[White "Kharatyan, Roman"]
[Black "Gorodetzky, Matan"]
[Result "0-1"]
[BlackTitle "FM"]
[WhiteElo "1984"]
[BlackElo "2284"]
[WhiteFideId "13305220"]
[BlackFideId "2813394"]
[EventDate "2020.05.26"]

1. e4 e6 2. d4 d5 3. exd5 exd5 4. Bd3 Nf6 5. h3 c5 6. c3 Nc6 7. Be3 c4 8. Bc2
Bd6 9. Qf3 Be6 10. Nd2 Qb6 11. Rb1 O-O-O 12. Ne2 Ne7 13. b3 Qc6 14. bxc4 dxc4
15. Ne4 Bd5 16. Nxd6+ Qxd6 17. Qf4 Bxg2 18. Rg1 Bxh3 19. Qf3 Qd7 20. Rxg7 Ned5
21. Nf4 Nxf4 22. Bxf4 Be6 23. Bg5 Ne8 24. Ba4 Qd5 25. Qxd5 Rxd5 26. Bxe8 Rxe8
27. Kd2 Ra5 28. Rb2 Rf5 29. Bh4 Rf3 30. Rxh7 Rd3+ 31. Kc1 Bg4 32. Rb5 Re1+ 33.
Kb2 Re2+ 34. Ka3 b6 35. Rg5 Be6 36. Rg3 Rdd2 37. d5 Bxd5 38. Kb4 Rb2+ 0-1

[Event "Euro Online U2300 Day 2"]
[Site "chess.com INT"]
[Date "2020.05.26"]
[Round "2"]
[White "Salna, Aleksandras"]
[Black "Alexakis, Dimitris"]
[Result "1-0"]
[BlackTitle "FM"]
[WhiteElo "2063"]
[BlackElo "2450"]
[WhiteFideId "12807575"]
[BlackFideId "4277023"]
[EventDate "2020.05.26"]

1. d4 Nf6 2. c4 e6 3. Nc3 Bb4 4. Qc2 O-O 5. a3 Bxc3+ 6. Qxc3 Ne4 7. Qc2 f5 8.
Nf3 b6 9. e3 Bb7 10. Be2 d6 11. O-O Nd7 12. b4 Ndf6 13. Bb2 Qe8 14. d5 e5 15.
Nh4 g6 16. f3 Ng5 17. f4 exf4 18. exf4 Qe3+ 19. Kh1 Nge4 20. Bd3 Rae8 21. Rf3
Qd2 22. Kg1 Qxc2 23. Bxc2 b5 24. cxb5 Bxd5 25. Rd1 Bc4 26. Bd3 Bxd3 27. Rfxd3
Rf7 28. Nf3 Ng4 29. Bd4 Rfe7 30. h3 Ngf6 31. Bxa7 c5 32. b6 c4 33. Rd4 Nc3 34.
R1d2 d5 35. Ne5 Nb5 36. a4 Nxa7 37. bxa7 Rxa7 38. a5 Rb7 39. Nc6 Rc8 40. a6 Rbc7
41. b5 Kf8 42. a7 c3 43. Ra2 Kg7 44. Rd1 Ne4 45. a8=Q Rxa8 46. Rxa8 Rb7 47. Ra7
Rxa7 48. Nxa7 d4 49. Nc6 c2 50. Ra1 Nc5 51. Nxd4 Nd3 52. Nxc2 1-0

[Event "Euro Online U2300 Day 2"]
[Site "chess.com INT"]
[Date "2020.05.26"]
[Round "2"]
[White "Davtyan, Artur"]
[Black "Astafurov, Arseniy"]
[Result "1-0"]
[WhiteTitle "IM"]
[BlackTitle "FM"]
[WhiteElo "2461"]
[BlackElo "2330"]
[WhiteFideId "13308327"]
[BlackFideId "24175218"]
[EventDate "2020.05.26"]

1. d4 d5 2. c4 c6 3. Nf3 Nf6 4. Nc3 a6 5. c5 b6 6. cxb6 Qxb6 7. Qc2 e6 8. Bf4
Be7 9. e3 O-O 10. Bd3 a5 11. O-O Ba6 12. Na4 Qb4 13. Bxa6 Rxa6 14. Rfc1 Nbd7 15.
b3 Rc8 16. Qd3 Raa8 17. Rc2 Qb5 18. Ne1 Ba3 19. h3 h6 20. Nc3 Qb7 21. Na4 Ne4
22. Rb1 c5 23. dxc5 Ndxc5 24. Nxc5 Nxc5 25. Qd4 Qb5 26. Be5 f6 27. Bd6 Rc6 28.
Bxc5 Bxc5 29. Qd3 Qb6 30. Rbc1 Rac8 31. Qg6 Bf8 32. Nf3 Rxc2 33. Rxc2 Rxc2 34.
Qxc2 Qc5 35. Qd2 Qc7 36. Nd4 Kf7 37. Qd1 Qe5 38. Qc2 h5 39. g3 h4 40. g4 Bd6 41.
Nf3 Qa1+ 42. Kg2 Be7 43. Nxh4 Bf8 44. Nf3 Bd6 45. Nd4 Be5 46. Nc6 Bd6 47. Nd8+
Ke7 48. Qc8 Qe5 49. Nc6+ 1-0

[Event "Euro Online U2300 Day 2"]
[Site "chess.com INT"]
[Date "2020.05.26"]
[Round "2"]
[White "Vanek, Tomas"]
[Black "Rabatin, Jakub"]
[Result "0-1"]
[WhiteTitle "FM"]
[BlackTitle "FM"]
[WhiteElo "2080"]
[BlackElo "2271"]
[WhiteFideId "313459"]
[BlackFideId "329517"]
[EventDate "2020.05.26"]

1. e4 c5 2. Nf3 Nc6 3. c3 d5 4. e5 Bf5 5. d4 e6 6. Bd3 Bxd3 7. Qxd3 Qb6 8. O-O
Nge7 9. dxc5 Qxc5 10. Be3 Qa5 11. b4 Qc7 12. Na3 Ng6 13. Nb5 Qd7 14. Bd4 a6 15.
Nd6+ Bxd6 16. exd6 Qxd6 17. Rfe1 f6 18. Bc5 Qd7 19. Rad1 Kf7 20. c4 Rhd8 21. Bb6
Re8 22. cxd5 exd5 23. Rxe8 Rxe8 24. Qxd5+ Qxd5 25. Rxd5 Nxb4 26. Rd7+ Re7 27.
Rxe7+ Nxe7 28. a3 Nbd5 29. Ba5 b6 30. Bd2 Nc6 31. Kf1 b5 32. Ke2 Nb6 33. Be3 Nd5
34. Bc5 Nf4+ 35. Kf1 Ke6 36. g3 Nd3 37. Bf8 g6 38. Ke2 Nde5 39. Nxe5 Kxe5 40.
Kd3 f5 41. f4+ Kd5 42. h3 Nd8 43. Bb4 Ne6 44. Bd2 Nc5+ 45. Ke3 Kc4 46. g4 Ne4
47. Bb4 Nf6 48. gxf5 gxf5 49. h4 Nd5+ 50. Kf3 Nxb4 51. axb4 Kxb4 52. Ke3 Kc4 0-1

[Event "Euro Online U2300 Day 2"]
[Site "chess.com INT"]
[Date "2020.05.26"]
[Round "2"]
[White "Lopez Varela, Pablo"]
[Black "Willow, Jonah B"]
[Result "1/2-1/2"]
[BlackTitle "FM"]
[WhiteElo "2177"]
[BlackElo "2386"]
[WhiteFideId "32092105"]
[BlackFideId "438804"]
[EventDate "2020.05.26"]

1. e4 c5 2. d4 cxd4 3. c3 Nf6 4. e5 Nd5 5. Nf3 Nc6 6. Bc4 Nb6 7. Bb3 g6 8. cxd4
Bg7 9. O-O O-O 10. Re1 Na5 11. Bc2 d6 12. Nc3 Nc6 13. Bf4 Bg4 14. Be4 dxe5 15.
Bxc6 exf4 16. Bxb7 Rb8 17. Be4 Bxf3 18. Qxf3 Nc4 19. b3 Nd2 20. Qxf4 Qxd4 21.
Nd5 Nxe4 22. Nxe7+ Kh8 23. Rad1 Qb2 24. Qxe4 Qxa2 25. Nc6 Rxb3 26. Rd7 a5 27.
Ra7 Ra3 28. Ne5 Kg8 29. Nd7 Rd8 30. Qe7 Rc8 31. Nb6 Rf8 32. Nd7 Rc8 33. Nb6 Rf8
34. Nd7 Rc8 1/2-1/2

[Event "Euro Online U2300 Day 2"]
[Site "chess.com INT"]
[Date "2020.05.26"]
[Round "2"]
[White "Luczak, Filip"]
[Black "Berdnyk, Mariia"]
[Result "1-0"]
[WhiteTitle "CM"]
[BlackTitle "FM"]
[WhiteElo "2240"]
[BlackElo "2324"]
[WhiteFideId "1193686"]
[BlackFideId "14137054"]
[EventDate "2020.05.26"]

1. d4 Nf6 2. Bg5 e6 3. e4 h6 4. Bxf6 Qxf6 5. c3 d6 6. Bd3 e5 7. Ne2 Be7 8. O-O
O-O 9. f4 exf4 10. Nxf4 Qg5 11. Nd5 Bd8 12. Nd2 Bh3 13. Qe2 c6 14. Ne3 Be6 15.
Nf5 Bxf5 16. Rxf5 Qe7 17. Raf1 Nd7 18. Bc4 d5 19. exd5 Qxe2 20. Bxe2 g6 21. dxc6
gxf5 22. cxd7 Bg5 23. Nc4 Rad8 24. Ne5 Kg7 25. Rxf5 f6 26. Nf3 Rxd7 27. h4 Be3+
28. Kf1 Bc1 29. b3 Bb2 30. Rc5 Re7 31. h5 Rfe8 32. Bb5 Rd8 33. Nh4 Re4 34. Nf5+
Kh8 35. Bd3 Rf4+ 36. Kg1 Re8 37. Rc7 Re1+ 38. Kh2 Rh4+ 39. Nxh4 1-0

[Event "Euro Online U2300 Day 2"]
[Site "chess.com INT"]
[Date "2020.05.26"]
[Round "2"]
[White "Gasimov, Parviz"]
[Black "Papakonstantinou, Dimitrios1"]
[Result "1-0"]
[WhiteTitle "FM"]
[WhiteElo "2337"]
[BlackElo "2250"]
[WhiteFideId "13408798"]
[BlackFideId "4218655"]
[EventDate "2020.05.26"]

1. e4 e5 2. Bc4 Nf6 3. d3 c6 4. Nf3 d5 5. Bb3 Bd6 6. O-O O-O 7. exd5 Nxd5 8. Nc3
Nxc3 9. bxc3 Bg4 10. h3 Bh5 11. Re1 Re8 12. g4 Bg6 13. h4 Qd7 14. Ng5 h6 15. h5
Bxh5 16. gxh5 hxg5 17. Bxg5 Qf5 18. Bh4 Nd7 19. Re3 Nc5 20. Rg3 Nxb3 21. axb3
Re6 22. Ra4 Bc5 23. Qe2 e4 24. dxe4 Qe5 25. Rg5 Qf4 26. e5 Qc1+ 27. Kg2 Rae8 28.
Rag4 Bf8 29. Qf3 Qxc2 30. Rxg7+ Bxg7 31. Bf6 Qh7 32. Qg3 Kf8 33. Rxg7 Qh8 34. h6
Rxe5 35. h7 Rg5 36. Qxg5 1-0